000 00620nam a2200193Ia 4500
003 GCL
008 140319s9999 xx 000 0 ara d
040 _aGCL /
_cGCL
082 0 4 _a239.8
_bت ف
100 1 _aتوفيق ابوعلم
245 1 0 _aفاطمه الزهراء : اهل البيت /
_cتوفيق ابوعلم
300 _a223 ص
490 _aالهيئة العامة للاستعلامات
_v0
650 0 4 _aالاسلام
650 0 4 _aالسيرة النبوية
650 0 4 _aفاطمة الزهراء
650 0 4 _aاهل بيت الرسول صلى الله عليه وسلم
942 _2ddc
_cBK
999 _c48967
_d48967